000 00920 a2200217 4500
003 Nust
005 20221128130300.0
010 _a 86050622
020 _a071663192X (set)
040 _cNust
082 0 0 _a530,PHY
245 0 4 _a Physics Today
_bThe World Book encyclopedia of science /
250 _aRev. ed.
260 _aChicago :
_bWorld Book,
_c1986.
300 _a7 v. :159p
_bill. (some col.) ;
_c29 cm.
505 0 _aIntroduction (Page-8), The Nature of Matter (Page-12), States of Matter (Page-20), Statics (Page-38), Dynamics (Page-46), Energy, Work and Power (Page-58), Heat (Page-62), Radiant Energy (Page-72), Sound (Page-100), Electricity (Page-108), Magnetism (Page-130), Time and Relativity (Page-136), United and Measurement (Page1428).
650 0 _aScience
_xDictionaries.
_946900
650 0 _aScience
_xEncyclopedias.
_947100
710 2 _aWorld Book, Inc.
_929135
942 _2ddc
_cBK
_k530,PHY
999 _c180764
_d180764